| 000 | 01555cam a22002891i 4500 | ||
|---|---|---|---|
| 003 | SA-RiAUC | ||
| 005 | 20260113133827.0 | ||
| 008 | 260104s1930____ii g 00010 ara c | ||
| 040 |
_aSA-RiKAPL _bara _cSA-RiAUC _erda |
||
| 082 | 0 | 4 | _a253.901 |
| 090 |
_aم ن 253.901 _bك و هـ |
||
| 100 | 1 |
_aالكوهجي، عبد الله بن حسن الحسن، _d1921-1989 _eمؤلف. |
|
| 245 | 1 | 2 |
_aالفوائد الجلية بشرح التحفة السنية في أحوال الورثة الأربعينية / _cتأليف عبد الله بن حسن الكوهجي. |
| 246 | 3 | 0 | _aشرح التحفة السنية في أحوال الورثة الأربعينية |
| 264 | 1 |
_a[مكان النشر غير محدد] : _b[الناشر غير محدد]، _c[1930] |
|
| 264 | 3 |
_aبومباي، الهند : _bالمطبعة الحجازية |
|
| 300 |
_a58 صفحة ؛ _c20 سم |
||
| 336 |
_aنص _btxt _2rdacontent _3كتاب |
||
| 337 |
_aبدون وسيط _bn _2rdamedia |
||
| 338 |
_aمجلد _bnc _2rdacarrier |
||
| 650 | 7 |
_aالمواريث (فقه إسلامي) _2aucsh |
|
| 700 | 1 | 2 |
_aالمشاط، حسن بن محمد، _d1319-1399 هجري _tالتحفة السنية في أحوال الورثة الأربعينية في علم الفرائض. |
| 740 | 2 | 2 | _aالتحفة السنية في أحوال الورثة الأربعينية في علم الفرائض. |
| 856 |
_uhttps://Dsdelta.aruc.org/xmlui/bitstream/handle/123456789/1624/8443.pdf _yDigital Copy |
||
| 942 |
_2ddc _cRBOOK COPY _n0 |
||
| 949 |
_aSA-JeALM _d260104 _umohamedma123 _n1 |
||
| 999 |
_c14030 _d14030 |
||